| 000 | 00659cam a2200205 4500500 | ||
|---|---|---|---|
| 005 | 20260329010023.0 | ||
| 041 | _afre | ||
| 042 | _adc | ||
| 100 | 1 | 0 |
_aHytte, Naomi _eauthor |
| 245 | 0 | 0 | _aMonique Canto-Sperber : soumettre sa vie à l’examen |
| 260 | _c2020. | ||
| 500 | _a56 | ||
| 690 | _aApologie de Socrate | ||
| 690 | _aBonheur | ||
| 690 | _aPlaton | ||
| 690 | _aréussite | ||
| 690 | _aSocrate | ||
| 786 | 0 | _nPhilosophie magazine - Hors séries | Hors-série - Été 2020 | HS45 | 2020-05-01 | p. 11-12 | 2104-9246 | |
| 856 | 4 | 1 | _uhttps://shs.cairn.info/magazine-philosophie-magazine-2020-hs45-page-11?lang=fr&redirect-ssocas=7080 |
| 999 |
_c1848786 _d1848786 |
||